| Поле | Название | Значение |
| |
Тип записи |
a |
| |
Библиографический уровень |
m |
| 001 |
Контрольный номер |
RU\infra-m\znanium\bibl\2050516 |
| 005 |
Дата корректировки |
20240827142057.2 |
| 008 |
Кодируемые данные |
230425s2023 RU g rus u |
| 020 |
Индекс ISBN |
__ |
| a |
ISBN |
978-5-8154-0651-3 |
| 040 |
Источник каталогиз. |
__ |
| a |
Служба первич. каталог. |
Общество с ограниченной ответственностью «ЗНАНИУМ» |
| 041 |
Код языка издания |
__ |
| a |
Код языка текста |
rus |
| 044 |
Код страны публикации |
__ |
| a |
Код страны публикации |
RU |
| 080 |
Индекс УДК |
__ |
| a |
Индекс УДК |
808 |
| 084 |
Индекс другой классификации/Индекс ББК |
__ |
| 2 |
Источник индекса |
rubbk |
| a |
Индекс другой классификации/Индекс ББК |
8533 |
| 084 |
Индекс другой классификации/Индекс ББК |
__ |
| 2 |
Источник индекса |
okso |
| a |
Индекс другой классификации/Индекс ББК |
52.03.05 |
| 084 |
Индекс другой классификации/Индекс ББК |
__ |
| 2 |
Источник индекса |
okso |
| a |
Индекс другой классификации/Индекс ББК |
52.03.06 |
| 084 |
Индекс другой классификации/Индекс ББК |
__ |
| 2 |
Источник индекса |
okso |
| a |
Индекс другой классификации/Индекс ББК |
52.05.01 |
| 084 |
Индекс другой классификации/Индекс ББК |
__ |
| 2 |
Источник индекса |
okso |
| a |
Индекс другой классификации/Индекс ББК |
52.05.03 |
| 100 |
Автор |
__ |
| a |
Автор |
Чепурина В.В. |
| q |
Полное имя |
Чепурина Вера Владимировна |
| u |
Дополнение |
Кемеровский государственный институт культуры |
| 245 |
Заглавие |
__ |
| a |
Заглавие |
Сценическая речь |
| b |
Продолж. заглавия |
Учебное пособие |
| c |
Ответственность |
Кемеровский государственный институт культуры |
| 260 |
Выходные данные |
__ |
| a |
Место издания |
Кемерово |
| b |
Издательство |
ФГБОУ ВО "Кемеровский государственный институт культуры" |
| c |
Дата издания |
2022 |
| 300 |
Физическое описание |
__ |
| a |
Объем |
147 с. |
| 520 |
Аннотация |
__ |
| a |
Аннотация |
Настоящее учебное пособие посвящено вопросам работы над речью в спектакле. Представления о структуре анализа текста и рождении речевого поступка сценического персонажа конкретизируются благодаря инструментарию включающему в себя понятия мотивационной сферы персонажа и драматургического конфликта. Представления о возможностях сценической речи расширяются благодаря многочисленным примерам театральных постановок и практическим заданиям направляющим поиск способов естественного присвоения драматургического текста. Материал учебного пособия адресован студентам и ассистентам-стажерам обучающимся в вузах культуры и искусств по специальностям и направлениям подготовки в области театрального искусства. |
| 521 |
Примеч. о цел. назн. |
__ |
| a |
Примеч. о целев. назн. |
ВО - Бакалавриат |
| 650 |
Тематические рубрики |
__ |
| a |
Основная рубрика |
Архитектура. Искусство |
| x |
Основная подрубрика |
Театр |
| 655 |
Указ. предметных рубрик (устаревшее) |
__ |
| a |
Жанр/ форма (устаревшее) |
Учебное пособие |
| 856 |
Электронный адрес документа |
4_ |
| a |
Имя сервера/домена |
znanium.com |
| m |
Помощь |
ebs_support@infra-m.ru |
| n |
Местонахождение сервера |
НИЦ ИНФРА-М |
| u |
URL |
https://znanium.com/catalog/document?id=429520 |
| 856 |
Электронный адрес документа |
48 |
| a |
Имя сервера/домена |
znanium.com |
| d |
Путь |
/cover/2050 |
| f |
Электронное имя |
2050516.jpg |
| q |
Тип электронного формата |
image/jpeg |
| u |
URL |
https://znanium.com/cover/2050/2050516.jpg |
| 911 |
|
__ |
| u |
|
0030=https://znanium.com/catalog/document?id=429520 |